000 00470nam a2200193Ia 4500
005 20240823013702.0
008 240823s9999||||xx |||||||||||||| ||und||
020 _a81-203-2260-6
041 _aENGLISH
082 _A621.381 P3
100 _a"Kissell,Thomas E"
245 0 _aIndustrial Electronics
250 _a3rd
260 _c2003
_b"PHI,New D"
500 _aTRANSFERED
650 _aIndustrial Electronics
_bInstrumentation
942 _cBK
999 _c167941
_d167941